000 00709nam a2200229 a 4500
008
020 _a0397512473 (pbk.)
049 _aMAIN
090 _aR834.5
_bRYP
245 1 0 _aRypsins'questions & answers for basic science review /
_cedited by Edward D. Frohlich .
250 _a2nd ed.
260 _aPhiladephia :
_bJ. B. Lippincott,
_c1993.
300 _aix, 211 p. ;
_c 28 cm.
650 _aMedicine
_vexaminations questions etc.
650 1 _aMedicalbsciences
_vExamination questions.
700 _aFrohlich, Edward D.
907 _a.b10290096
_b11-03-14
_c25-01-11
003
005 20230120204052.0
040 _cNUST
942 _cBOOKS
_kR834.5
_mRYP
999 _c116556
_d116556